000 00295nam a22001337a 4500
008 170516b xxu||||| |||| 00| 0 eng d
020 _a039300578
041 _aeng
080 _a94 BRO
100 _a16
101 _aSHH
245 _aTHE REPUBLIC IN PERIL 1812
_cBROWN, R.H
942 _2udc
_cBK
999 _c13396
_d13396